00642nam a2200169 a 4500003000200000005001700002008004100019050002900060100002300089245009100112260009000203300004800293504004100341650002200382650003800404650003000442020250408084336.0071121s19uu xx 00 eng d aPHS QP 518.L5b.G73 2007 aGraham, Richard B. aThe Effect of germicidal light on the growth of Escherichia coli /cRichard B. Graham. aLas Piñas City, Philippines :bSouthville International School and Colleges,c2007. a23 pages :bcolored illustrations ;c28 cm. aIncludes bibliographical references. aGermicidal lamps. aBacteriaxEffect of radiation on. aEscherichia colixGrowth.